Sistemas de producción de carne bovina para la zona centrosur
Guardado en:
| Autor principal: | |
|---|---|
| Formato: | Libro |
| Lenguaje: | español |
| Publicado: |
Chillán
Instituto de Investigaciones Agropecuarias
1990
|
| Colección: | Quilamapu, 21
|
| Materias: | |
| Etiquetas: |
Agregar Etiqueta
Sin Etiquetas, Sea el primero en etiquetar este registro!
|
MARC
| LEADER | 00000nam a2200000 a 4500 | ||
|---|---|---|---|
| 001 | UCR2071 | ||
| 003 | CL-VaPUC | ||
| 008 | 980109e19900000CL |||||||||||||||||spa|d | ||
| 082 | 0 | 4 | |a 636.2 |b KLE |2 21 |
| 100 | |a Klee G., Germán |e autor |9 618533 | ||
| 245 | 1 | 0 | |a Sistemas de producción de carne bovina para la zona centrosur |
| 300 | |a 68 p | ||
| 942 | |c BK | ||
| 945 | |d 19980109 00:00:00 |a jquezada | ||
| 260 | |a Chillán |b Instituto de Investigaciones Agropecuarias |c 1990 | ||
| 650 | 7 | |a PRODUCCION ANIMAL |2 CL-VaPUC |9 399714 | |
| 650 | 7 | |a BOVINOS |2 CL-VaPUC |9 399715 | |
| 650 | 7 | |a TERNEROS |2 CL-VaPUC |9 396239 | |
| 650 | 0 | |a Vacas |9 656289 | |
| 650 | 0 | |a Nutrición animal |9 389503 | |
| 650 | 7 | |a PRADERAS |2 CL-VaPUC |9 264231 | |
| 650 | 0 | |a Economía |9 255568 | |
| 650 | 7 | |a ENGORDA |2 CL-VaPUC |9 394628 | |
| 650 | 7 | |a CRIANZA |2 CL-VaPUC |9 392579 | |
| 583 | |a last modification |c 19980109 00:00:00 |k Rodrigo Vera | ||
| 490 | 0 | |a Quilamapu, 21 | |
| 999 | |c 265342 |d 265340 | ||